000
00225nam a2200097Ia 4500
008
240331s9999 xx 000 0 und d
082
_b
ARC
100
_a
Archer, J
245
0
_a
Cat O' Nine Tales :
_b
And Other Stories
942
_c
L
999
_c
5714
_d
5714